000 00297nam a2200109Ia 4500
100 _aJoshi, Chitra
245 0 _aLost Worlds : Indian Labour and its forgotten histories
264 _bPermanent Black
_c2003
300 _a359
942 _cIR
999 _c120715
_d120715